| 000 | 00735nam a2200229 a 4500 | ||
|---|---|---|---|
| 001 | BRL_136 | ||
| 005 | 20190320210614.0 | ||
| 008 | 181012s1962----mx-a######---#000-0#spa-# | ||
| 041 | _aspa | ||
| 044 | _amx | ||
| 050 | 4 |
_aND546 _b.C54 1962 |
|
| 245 | 1 | 0 |
_aCien años de pintura en Francia _bde 1850 a nuestros días. |
| 260 |
_aMéxico _bMuseo Nacional de Arte Moderno _c1962 |
||
| 300 |
_a125 p. _bil. (algunas a color) _c22 cm. |
||
| 500 | _aIncluye fichas biográficas y catálogo de obra | ||
| 500 | _aCatálogo de la exposición realizada de octubre a noviembre, 1962 | ||
| 500 | _aAu188 | ||
| 650 | 1 | 4 |
_aPintura _xHistoria _zFrancia _923010 |
| 650 | 1 | 4 |
_aPintura francesa _vExposiciones _911707 |
| 902 | _aGRL | ||
| 942 |
_2lcc _cB |
||
| 999 |
_c8949 _d8949 |
||